书目信息 |
| 题名: |
文章·文学·文化
|
|
| 作者: | 赵新华 著 | |
| 分册: | ||
| 出版信息: | 杭州 浙江大学出版社 2022.03 |
|
| 页数: | 255页 | |
| 开本: | 24cm | |
| 丛书名: | ||
| 单 册: | ||
| 中图分类: | G633.302 , I206.2 | |
| 科图分类: | ||
| 主题词: | 中学语文课--Zhong Xue Yu Wen Ke--教材--研究--中国--近代 , 中国文学--Zhong Guo Wen Xue--古典文学研究 | |
| 电子资源: | ||
| ISBN: | 978-7-308-22305-8 | |
| 000 | 01419nam0 2200289 450 | |
| 001 | 012001000869 | |
| 005 | 20140201090620.0 | |
| 010 | @a978-7-308-22305-8@dCNY68.00 | |
| 099 | @aCAL 012022047033 | |
| 100 | @a20220905d2022 ekmy0chiy50 ea | |
| 101 | 0 | @achi |
| 102 | @aCN@b330000 | |
| 105 | @aak a 000yy | |
| 106 | @ar | |
| 200 | 1 | @a文章·文学·文化@AWen Zhang·wen Xue·wen Hua@e近代中学国文教科书中的古代作品选文研究@f赵新华著 |
| 210 | @a杭州@c浙江大学出版社@d2022.03 | |
| 215 | @a255页@c图@d24cm | |
| 320 | @a有书目 (第234-243页) | |
| 330 | @a本书聚焦于清末民国时期中学国文教科书中的中国古代作品选文,以“育人”为主线,梳理古代作品在中学教育大众化的进程中,国文教育文、白论争的背景下,由“雅”到“俗”的演变历程及其被赋予的教育功能的变迁,并探讨古代作品选文变化背后所呈现的国家及知识分子(教科书编者)对未来的理想国民之语文素养(包括技能、品德)的建构与实践,从而分析和总结在不同的历史阶段中国古代作品选文在青少年学生语言文字能力培养、情感陶冶、人格塑造等诸多方面发挥的功用。 | |
| 517 | 1 | @a近代中学国文教科书中的古代作品选文研究@AJin Dai Zhong Xue Guo Wen Jiao Ke Shu Zhong De Gu Dai Zuo Pin Xuan Wen Yan Jiu |
| 606 | 0 | @a中学语文课@AZhong Xue Yu Wen Ke@x教材@x研究@y中国@z近代 |
| 606 | 0 | @a中国文学@AZhong Guo Wen Xue@x古典文学研究 |
| 690 | @aG633.302@v5 | |
| 690 | @aI206.2@v5 | |
| 701 | 0 | @a赵新华@AZhao Xin Hua@4著 |
| 801 | 0 | @aCN@bAHXH@c20221111 |
| 905 | @b1365237-41@dG633.302@e1017@f5 | |
| 文章·文学·文化:近代中学国文教科书中的古代作品选文研究/赵新华著.-杭州:浙江大学出版社,2022.03 |
| 255页:图;24cm |
| ISBN 978-7-308-22305-8:CNY68.00 |
| 本书聚焦于清末民国时期中学国文教科书中的中国古代作品选文,以“育人”为主线,梳理古代作品在中学教育大众化的进程中,国文教育文、白论争的背景下,由“雅”到“俗”的演变历程及其被赋予的教育功能的变迁,并探讨古代作品选文变化背后所呈现的国家及知识分子(教科书编者)对未来的理想国民之语文素养(包括技能、品德)的建构与实践,从而分析和总结在不同的历史阶段中国古代作品选文在青少年学生语言文字能力培养、情感陶冶、人格塑造等诸多方面发挥的功用。 |
| ● |
| 相关链接 |
|
|
|
|
正题名:文章·文学·文化
索取号:G633.302/1017
 
预约/预借
| 序号 | 登录号 | 条形码 | 馆藏地/架位号 | 状态 | 备注 |
| 1 | 1365237 | 213652377 | 第一样本阅览室/ [索取号:G633.302/1017] | 在馆 | |
| 2 | 1365238 | 213652386 | 教育系资料室/ [索取号:G633.302/1017] | 在馆 | |
| 3 | 1365239 | 213652395 | 教育系资料室/ [索取号:G633.302/1017] | 在馆 | |
| 4 | 1365240 | 213652402 | 第四借阅区/ [索取号:G633.302/1017] | 在馆 | |
| 5 | 1365241 | 213652411 | 第四借阅区/ [索取号:G633.302/1017] | 在馆 |